000 00506nam a22001697a 4500
003 OSt
005 20201012100340.0
008 201012b ||||| |||| 00| 0 eng d
040 _aDO-SdBNP
_bspa
_cBNPHU
100 _aRestrepo, Nelsy, de
_976835
245 _aComer para vivir :
_brecetario vegetariano
_cNelsy de Restrepo, Josè Leal Segura
260 _a[s.l].
_b[s.n]
_c1990
300 _a91 p. :
_bil.
_c22 cm
590 _aInventariado, 2020 / DG
910 _aInventariado, 2020 / DG
942 _2ddc
_cLF1
999 _c48859
_d48859